000 00861 a2200229 4500
005 20240313082718.0
008 130705s1958 enka frn 000 0 eng
040 _aCO-BoUCM
_bspa
_cLuz Cupitra (modificó)
_dAldemar Mondragón
041 _aspa
060 _aWO 600
100 1 _aRob, Charles
_939931
245 1 0 _aOperative surgery
_cCharles Rob, Rodney Smith
260 _aLondon
_bButter Worth
_c1958
300 _aVolumen 6 [xii, 433] páginas
_bilustraciones
500 _aTransferencia al Archivo Histórico en marzo de 2024. Investigación Emilio Quevedo, historiador de la medicina colombiana.
500 _aIncluye índice
650 7 _aCirugía plástica
_910928
650 7 _aCirugía
_xMétodos
_939904
650 7 _aTrasplantes de órganos, tejidos, etc.
_925728
690 _aCirugía
_97407
942 _a15
_cLIBRO
_e1
_mO617
_2NLM
_hWO 600
999 _c167506
_d167506